Top 100 Highest Paid Athletes 2018 - Statistics

General Stats
  • This quiz has been taken 78 times
  • The average score is 26 of 100
Answer Stats
# Athlete Pay Sport % Correct
3 Cristiano Ronaldo $108M Soccer
98%
6 LeBron James $85.5M Basketball
94%
2 Lionel Messi $111M Soccer
89%
7 Roger Federer $77.2M Tennis
86%
1 Floyd Mayweather, Jr. $285M Boxing
85%
4 Conor McGregor $99M MMA
80%
16 Tiger Woods $43.3M Golf
80%
5 Neymar $90M Soccer
77%
8 Stephen Curry $76.9M Basketball
76%
T20 Rafael Nadal $41.4M Tennis
68%
11 Kevin Durant $57.3M Basketball
65%
12 Lewis Hamilton $51M Auto Racing
61%
T86 Novak Djokovic $23.5M Tennis
59%
14 James Harden $46.4M Basketball
50%
13 Russell Westbrook $47.6M Basketball
47%
18 Sebastian Vettel $42.3M Auto Racing
44%
44 Klay Thompson $31.1M Basketball
42%
T60 Luis Suarez $26.9M Soccer
42%
41 Chris Paul $31.9M Basketball
39%
T84 DeAndre Jordan $23.7M Basketball
39%
68 Eli Manning $25.5M Football
38%
T35 Gareth Bale $34.6M Soccer
38%
27 Trumaine Johnson $37M Football
38%
T20 Alex Smith $41.4M Football
36%
29 Kyrie Irving $36.1M Basketball
36%
45 Usain Bolt $31M Track
36%
34 Anthony Davis $34.9M Basketball
35%
57 Paul George $27.1M Basketball
35%
52 Paul Pogba $29.5M Soccer
35%
T30 Blake Griffin $35.5M Basketball
33%
T60 Kevin Love $26.9M Basketball
32%
26 Rory McIlroy $37.7M Golf
30%
55 Kirk Cousins $28.4M Football
29%
38 Carmelo Anthony $33.2M Basketball
27%
22 Phil Mickelson $41.3M Golf
27%
24 Damian Lillard $39.2M Basketball
26%
T58 Dwight Howard $27M Basketball
26%
T39 Fernando Alonso $33M Auto Racing
26%
10 Matthew Stafford $59.5M Football
26%
T39 DeMar DeRozan $33M Basketball
24%
17 Drew Brees $42.9M Football
24%
46 Gordon Hayward $30.8M Basketball
24%
23 Jordan Spieth $41.2M Golf
24%
48 Kyle Lowry $30.5M Basketball
24%
T95 LaMarcus Aldridge $23.1M Basketball
24%
9 Matt Ryan $67.3M Football
23%
T86 Sergio Agüero $23.5M Soccer
23%
T42 Dwayne Wade $31.8M Basketball
21%
66 Justin Thomas $26M Golf
21%
T58 Wayne Rooney $27M Soccer
21%
T92 John Wall $23.2M Basketball
20%
T84 Marc Gasol $23.7M Basketball
18%
51 Al Horford $29.8M Basketball
17%
T74 Andre Drummond $24.9M Basketball
17%
T74 Bradley Beal $24.9M Basketball
17%
25 Anthony Joshua $39M Boxing
15%
15 Canelo Alvarez $44.5M Boxing
15%
T30 Giannis Antetokounmpo $35.5M Basketball
15%
50 Mike Conley $30M Basketball
15%
33 Von Miller $35.1M Football
15%
T95 Brook Lopez $23.1M Basketball
14%
T77 Hassan Whiteside $24.5M Basketball
14%
64 Mike Trout $26.4M Baseball
14%
67 C.J. McCollum $25.8M Basketball
12%
37 Clayton Kershaw $34.5M Baseball
12%
T77 Davante Adams $24.5M Football
12%
T42 Paul Millsap $31.8M Basketball
12%
T86 Steven Adams $23.5M Basketball
12%
T69 DeAndre Hopkins $25.3M Football
11%
53 Justin Verlander $29.4M Baseball
11%
49 Albert Pujols $30.3M Baseball
9%
19 Derek Carr $42.1M Football
9%
56 Oscar $27.4M Soccer
9%
65 Chris Bosh $26.3M Basketball
8%
54 Miguel Cabrera $29.2M Baseball
8%
T69 Otto Porter, Jr. $25.3M Basketball
8%
T60 Jrue Holiday $26.9M Basketball
6%
T35 Kei Nishikori $34.6M Tennis
6%
83 Virat Kohli $24M Cricket
6%
47 David Price $30.7M Baseball
5%
T72 Gennady Golovkin $25M Boxing
5%
28 Jimmy Garoppolo $36.2M Football
5%
T86 J.J. Redick $23.5M Basketball
5%
80 Sam Bradford $24.3M Football
5%
82 Chandler Parsons $24.1M Basketball
3%
76 Harrison Barnes $24.6M Basketball
3%
T95 Robinson Cano $23.1M Baseball
3%
81 Zack Greinke $24.2M Baseball
3%
T72 Buster Posey $25M Baseball
2%
T92 Jarvis Landry $23.2M Football
2%
T86 Joe Mauer $23.5M Baseball
2%
91 Joey Votto $23.4M Baseball
2%
T95 Masahiro Tanaka $23.1M Baseball
2%
99 Melvin Ingram $23M Football
2%
T92 Nate Solder $23.2M Football
2%
100 Nicolas Batum $22.9M Basketball
2%
63 Fernando Rodney $26.7M Baseball
0%
32 Ryan Tannehill $35.2M Football
0%
79 Stephon Tuitt $24.4M Football
0%
71 Yoenis Cespedes $25.2M Baseball
0%
No matching quizzes found
Score Distribution
Percent of People with Each Score
Percentile by Number Answered
Your Score History
You have not taken this quiz